000 01008nam a22003371i 4500
999 _c779
_d779
001 017910141
003 Uk
005 20191209145647.0
008 160503r20161938enk |0|0 1|eng
015 _aGBB689202
_2bnb
016 7 _a017910141
_2Uk
020 _a9780008164959
_qpb
040 _aStDuBDS
_beng
_cStDuBDS
_dUk
_erda
042 _aukblsr
082 _aFIC CHR
100 1 _aChristie, Agatha,
_d1890-1976,
_eauthor.
245 1 0 _aAppointment with death /
_cAgatha Christie.
264 1 _aLondon :
_bHarperCollinsPublishers,
_c2016.
264 4 _c©1938
300 _a259 pages ;
_c20 cm.
336 _atext
_2rdacontent
337 _aunmediated
_2rdamedia
338 _avolume
_2rdacarrier
490 0 _aPoirot
500 _aOriginally published: London: Collins, 1938.
500 _aFormerly CIP.
_5Uk
600 1 0 _aPoirot, Hercule
_c(Fictitious character)
_vFiction.
650 0 _aPrivate investigators
_zBelgium
_vFiction.
655 0 _aDetective and mystery stories.
942 _2ddc
_cFIC